000 00839nam a2200277Ia 4500
008 171120s9999 xx 000 0 und d
020 _a1589694510
050 _a741.5
050 _bE475 2008
100 _aEllis, Mark
245 _aGuide to writing graphic novels :
245 _bfrom superheroes to manga-all you need to create and sell your graphic works /
245 _cby Mark Ellis and Melissa Martin Ellis.
260 _aMassachusetts :
260 _bAdams Media,
260 _c2008
300 _a213 pages :
300 _bsome colored illustrations ;
300 _c23cm.
440 _aThe everything.
500 _aIncludes index.
650 _aCartoons, caricatures, comics --
650 _xTechniques, procedures, apparatus, equipment, materials.
700 _aEllis, Melissa Martin.
700 _aTitle.
999 _c345023
_d345023